| 000 | 01153nas a2200253Ia 4500 | ||
|---|---|---|---|
| 001 | R144/E4730 | ||
| 003 | IT-RoPAU | ||
| 008 | 151124c99999999xx |||||||||||| ||und|| | ||
| 040 | _aIT-RoPAU | ||
| 040 | _cIT-RoPAU | ||
| 041 | _aFRANCESE | ||
| 100 |
_aAllard Laurence _gCodice Aut. SPICS: 46092 |
||
| 210 | _aQUADERNI-LA REVUE DE LA COMMUNICATION | ||
| 222 | _aQuaderni-La Revue De La Communication | ||
| 245 |
_aQUADERNI, N.031 (1997) - LES TECHNOLOGIES A L'EPREUVE DE LA MONDIALISATION _bY A-T-Il Encore un Spectateur Dans Le Salon? |
||
| 250 | _a1a ed. | ||
| 260 |
_aPARIS _bFORMULES EDITO _c1997 |
||
| 501 |
_bPaulus - SPICS - Società San Paolo EM (non-commercial uses only) _cCopyright2015 |
||
| 300 | _a12 p. [7-18] | ||
| 362 | _aN.031 (1997) - LES TECHNOLOGIES A L'EPREUVE DE LA MONDIALISATION | ||
| 500 | _aC'E' Ancora Uno Spettatore in Sala? Arringa per Lo Spettacolo Televisivo Nell'Era dei Media Numerici. Una Certa Tendenza della Televisione Francese: Spettatore Onnipresente. Nuovi Media Numerici O Come Fare da Se' le Propriatelevisione. Paradosso Dello Sp | ||
| 650 |
_aCOMUNICAZIONE _vPUBBLICAZIONE PERIODICA |
||
| 942 | _cCR | ||
| 999 |
_c189910 _d189910 |
||